Paper to digital : (Record no. 256482)
[ view plain ]
| 000 -LEADER | |
|---|---|
| fixed length control field | 02160cam a2200445 a 4500 |
| 001 - CONTROL NUMBER | |
| control field | 15298368 |
| 003 - CONTROL NUMBER IDENTIFIER | |
| control field | OSt |
| 005 - DATE AND TIME OF LATEST TRANSACTION | |
| control field | 20170602112515.0 |
| 008 - FIXED-LENGTH DATA ELEMENTS--GENERAL INFORMATION | |
| fixed length control field | 080520s2008 ctua b 001 0 eng |
| 010 ## - LIBRARY OF CONGRESS CONTROL NUMBER | |
| LC control number | 2008021120 |
| 015 ## - NATIONAL BIBLIOGRAPHY NUMBER | |
| National bibliography number | GBA883454 |
| Source | bnb |
| 016 7# - NATIONAL BIBLIOGRAPHIC AGENCY CONTROL NUMBER | |
| Record control number | 014657144 |
| Source | Uk |
| 020 ## - INTERNATIONAL STANDARD BOOK NUMBER | |
| International Standard Book Number | 9781591586203 (alk. paper) |
| International Standard Book Number | 1591586208 (alk. paper) |
| 035 ## - SYSTEM CONTROL NUMBER | |
| System control number | (OCoLC)230729402 |
| Canceled/invalid control number | (OCoLC)228063678 |
| System control number | (OCoLC)ocn230729402 |
| 040 ## - CATALOGING SOURCE | |
| Original cataloging agency | DLC |
| Transcribing agency | DLC |
| Modifying agency | BAKER |
| -- | BTCTA |
| -- | UKM |
| -- | YDXCP |
| -- | OCLCG |
| -- | C#P |
| -- | BWX |
| -- | CDX |
| -- | DLC |
| 050 00 - LIBRARY OF CONGRESS CALL NUMBER | |
| Classification number | ZA3060 |
| Item number | .L58 2008 |
| 082 00 - DEWEY DECIMAL CLASSIFICATION NUMBER | |
| Classification number | 020 |
| Edition number | 22 |
| 100 1# - MAIN ENTRY--PERSONAL NAME | |
| Personal name | Liu, Ziming, |
| Dates associated with a name | 1965- |
| 245 10 - TITLE STATEMENT | |
| Title | Paper to digital : |
| Remainder of title | documents in the information age / |
| Statement of responsibility, etc | Ziming Liu. |
| 260 ## - PUBLICATION, DISTRIBUTION, ETC. (IMPRINT) | |
| Place of publication, distribution, etc | Westport, Conn. : |
| Name of publisher, distributor, etc | Libraries Unlimited, |
| Date of publication, distribution, etc | 2008. |
| 300 ## - PHYSICAL DESCRIPTION | |
| Extent | xii, 157 p. : |
| Other physical details | ill. ; |
| Dimensions | 25 cm. |
| 504 ## - BIBLIOGRAPHY, ETC. NOTE | |
| Bibliography, etc | Includes bibliographical references and index. |
| 505 0# - FORMATTED CONTENTS NOTE | |
| Formatted contents note | The evolution of documents and its impacts -- Trends in transforming scholarly communications -- Trust in the preservation of digital information -- Reading behavior in the digital environment -- Gender differences in the online reading environment -- Perceptions of the credibility of scholarly information on the Web -- Cultural differences in credibility assessment -- Print vs. electronic resources : user perceptions, preferences, and use -- The future of paper in the digital age. |
| 650 #0 - SUBJECT ADDED ENTRY--TOPICAL TERM | |
| Topical term or geographic name as entry element | Information resources |
| Form subdivision | Use studies. |
| Topical term or geographic name as entry element | Electronic information resources |
| Form subdivision | Use studies. |
| Topical term or geographic name as entry element | Information resources |
| General subdivision | Evaluation. |
| Topical term or geographic name as entry element | Electronic information resources |
| General subdivision | Evaluation. |
| Topical term or geographic name as entry element | Documentation. |
| Topical term or geographic name as entry element | Communication in learning and scholarship. |
| Topical term or geographic name as entry element | Electronic publishing. |
| Topical term or geographic name as entry element | Digital preservation. |
| Topical term or geographic name as entry element | Information behavior. |
| Topical term or geographic name as entry element | Libraries and the Internet. |
| 856 41 - ELECTRONIC LOCATION AND ACCESS | |
| Materials specified | Table of contents only |
| Uniform Resource Identifier | <a href="http://www.loc.gov/catdir/toc/ecip0819/2008021120.html">http://www.loc.gov/catdir/toc/ecip0819/2008021120.html</a> |
| 906 ## - LOCAL DATA ELEMENT F, LDF (RLIN) | |
| a | 7 |
| b | cbc |
| c | orignew |
| d | 1 |
| e | ecip |
| f | 20 |
| g | y-gencatlg |
| 942 ## - ADDED ENTRY ELEMENTS (KOHA) | |
| Source of classification or shelving scheme | Library of Congress Classification |
| Koha item type | Long Loan Books |
| Withdrawn status | Lost status | Source of classification or shelving scheme | Damaged status | Not for loan | Collection code | Home library | Current library | Shelving location | Date acquired | Total Checkouts | Full call number | Barcode | Date last seen | Price effective from | Koha item type |
|---|---|---|---|---|---|---|---|---|---|---|---|---|---|---|---|
| Library of Congress Classification | Non-fiction | Rongo University Library | Rongo University Library | General Stacks | 02/06/2017 | ZA3060 .L58 2008 | 201700227 | 02/06/2017 | 02/06/2017 | Long Loan Books | |||||
| Library of Congress Classification | Non-fiction | Rongo University Library | Rongo University Library | General Stacks | 02/06/2017 | ZA3060 .L58 2008 | 201700228 | 28/07/2017 | 02/06/2017 | Long Loan Books | |||||
| Library of Congress Classification | Non-fiction | Rongo University Library | Rongo University Library | General Stacks | 29/10/2018 | ZA3060 .L58 2008 | 201700850 | 29/10/2018 | 29/10/2018 | Long Loan Books | |||||
| Library of Congress Classification | Non-fiction | Rongo University Library | Rongo University Library | General Stacks | 08/08/2023 | ZA3060 .L58 2008 | 201700849 | 08/08/2023 | 08/08/2023 | Long Loan Books |
